000 005120000a22001930004500
001 003196
003 MACL
005 20150708143531.0
008 150708b xxu||||| |||| 00| 0 eng d
040 _aMACL
_cMACL
041 _aEnglish
082 _a305/BHA
100 _aBhattaqcharya, Susmita
_91434
245 _aThe Concept Of Equality
_bA Philosophical Enquiry
_cSusmita Bhattaqcharya
260 _aKolkata
_c2002
_bwww Hardback,
350 _a300
650 _aSocial Science
_91435
942 _k305
_cBK
_2ddc
999 _c15102
_d15102